<?xml version="1.0" encoding="UTF-8"?>
<record
    xmlns:xsi="http://www.w3.org/2001/XMLSchema-instance"
    xsi:schemaLocation="http://www.loc.gov/MARC21/slim http://www.loc.gov/standards/marcxml/schema/MARC21slim.xsd"
    xmlns="http://www.loc.gov/MARC21/slim">

  <leader>01174nam a2200181Ia 4500</leader>
  <datafield tag="952" ind1=" " ind2=" ">
    <subfield code="0">0</subfield>
    <subfield code="1">0</subfield>
    <subfield code="2">lcc</subfield>
    <subfield code="4">0</subfield>
    <subfield code="7">0</subfield>
    <subfield code="a">09</subfield>
    <subfield code="b">09</subfield>
    <subfield code="d">2012-01-04</subfield>
    <subfield code="l">0</subfield>
    <subfield code="o">HF5686.C8 G37 2014</subfield>
    <subfield code="p">09 004321</subfield>
    <subfield code="r">2012-06-26</subfield>
    <subfield code="t">1</subfield>
    <subfield code="w">2012-06-26</subfield>
    <subfield code="y">LB</subfield>
  </datafield>
  <datafield tag="999" ind1=" " ind2=" ">
    <subfield code="c">63846</subfield>
    <subfield code="d">63846</subfield>
  </datafield>
  <controlfield tag="008">120626s2014    mx            001 0 spa d</controlfield>
  <datafield tag="020" ind1=" " ind2=" ">
    <subfield code="a">9786071509390 </subfield>
  </datafield>
  <datafield tag="050" ind1=" " ind2="4">
    <subfield code="a">HF5686.C8 </subfield>
    <subfield code="b">G37 2014</subfield>
  </datafield>
  <datafield tag="100" ind1="1" ind2=" ">
    <subfield code="a">Garc&#xED;a Col&#xED;n, Juan</subfield>
    <subfield code="e"> , autor </subfield>
  </datafield>
  <datafield tag="245" ind1="1" ind2="0">
    <subfield code="a">Contabilidad de costos </subfield>
    <subfield code="c"> / Juan Garc&#xED;a Col&#xED;n </subfield>
  </datafield>
  <datafield tag="250" ind1=" " ind2=" ">
    <subfield code="a">4a. edici&#xF3;n </subfield>
  </datafield>
  <datafield tag="260" ind1=" " ind2=" ">
    <subfield code="a">M&#xE9;xico</subfield>
    <subfield code="b"> : McGraw Hill </subfield>
    <subfield code="c"> , 2014</subfield>
  </datafield>
  <datafield tag="300" ind1=" " ind2=" ">
    <subfield code="a"> xvi, 320 p&#xE1;ginas </subfield>
  </datafield>
  <datafield tag="505" ind1="0" ind2=" ">
    <subfield code="a">Introducci&#xF3;n a la contabilidad de costos 
Costo de producci&#xF3;n : tratamiento contable y estado de costos de producci&#xF3;n y ventas 
Elementos del costo de producci&#xF3;n 
Materia prima y mano de obra 
Cargos indirectos 
Determinaci&#xF3;n y control de los costos de producci&#xF3;n 
Sistemas de informaci&#xF3;n de costos 
Sistema de informaci&#xF3;n de costos por procesos con costeo absorbente y costos hist&#xF3;ricos 
Costo de productos conjuntos 
Planeaci&#xF3;n, control y toma de decisiones 
Costos est&#xE1;ndar 
Costo directo 
Separaci&#xF3;n de costos fijos y costos variables 
An&#xE1;lisis costo-volumen-utilidad 
Administraci&#xF3;n de inventarios 
Empresas de servicio</subfield>
  </datafield>
  <datafield tag="519" ind1=" " ind2=" ">
    <subfield code="a">Material Complementario / </subfield>
    <subfield code="d">(09 004321)</subfield>
  </datafield>
  <datafield tag="650" ind1=" " ind2="4">
    <subfield code="a">CONTABILIDAD DE COSTOS</subfield>
  </datafield>
  <datafield tag="942" ind1=" " ind2=" ">
    <subfield code="c">LB</subfield>
  </datafield>
</record>
